| 000 | nam a22 7a 4500 | ||
|---|---|---|---|
| 999 |
_c15991 _d15991 |
||
| 008 | 161107b xxu||||| |||| 00| 0 eng d | ||
| 020 | _a9781582701608 | ||
| 050 | _aNC 975.5 .D38A4 2008 | ||
| 100 |
_aDatz, Margot _d2008. |
||
| 245 |
_aA survival guide for landlocked mermaids/ _cMargot Datz |
||
| 260 |
_aNew York : _bAtria Books/Beyond Words Pub., _c2008. |
||
| 300 |
_a1 volume (unpaged) : _bcolor illustrations ; _c24cm. |
||
| 521 | _aIncludes index. | ||
| 650 | _aWomen -- Psychology. | ||
| 942 |
_2lcc _cBOOKS _hNC 975.5 .D38A4 2008 |
||